[Event "2BLO 2223 SC Bavaria Regensburg 1881 - "]
[Site "?"]
[Date "2023.02.25"]
[Round "7.4"]
[White "Pezelj, Novak"]
[Black "Roesemann, Rainer"]
[Result "1/2-1/2"]
[WhiteElo "2483"]
[BlackElo "2284"]
[PlyCount "226"]
[EventDate "2023.??.??"]

1. d4 Nf6 2. Nf3 e6 3. g3 b5 4. Bg2 Bb7 5. O-O Be7 6. Nbd2 c5 7. c3 O-O 8. dxc5 Bxc5 9. b4 Be7 10. a4 Nd5 11. Bb2 a6 12. axb5 axb5 13. Rxa8 Bxa8 14. Qa1 Nc6 15. c4 Nf6 16. cxb5 Nxb4 17. Qa4 Bb7 18. Ra1 Qb8 19. Be5 Qc8 20. Bb2 Qb8 21. Nc4 Qc7 22. Nfd2 Bxg2 23. Kxg2 Rb8 24. Be5 d6 25. Bxf6 Bxf6 26. Rb1 Qb7+ 27. f3 Qxb5 28. Qxb5 Rxb5 29. Nxd6 Rb8 30. N6e4 Be7 31. Nf1 f5 32. Ned2 Ra8 33. Rb2 Ra2 34. Rxa2 Nxa2 35. e4 Nc3 36. e5 Bc5 37. f4 h6 38. h4 Kf7 39. h5 g6 40. hxg6+ Kxg6 41. Nb3 Bb6 42. Nfd2 Nd5 43. Kf3 Ne3 44. Nb1 Nc4 45. Nc3 Kf7 46. Nb5 Ke7 47. N5d4 Kd7 48. Kg2 Ne3+ 49. Kh3 Ke7 50. Nc6+ Kd7 51. Ncd4 Ke7 52. Nb5 Nc4 53. N3d4 Kd7 54. Kh4 Ba5 55. Nb3 Bb6 56. N5d4 Ne3 57. Kh5 Nf1 58. g4 fxg4 59. Kxg4 Ne3+ 60. Kf3 Nd5 61. Ne2 Ne7 62. Ng3 Ng6 63. Nd2 Ke7 64. Ke4 Bf2 65. Nh1 Bc5 66. Ng3 Bf2 67. Nh1 Bc5 68. Nf3 h5 69. Ng3 h4 70. Nf1 Bf2 71. Ng5 Bc5 72. Ne3 Ba3 73. Nh3 Bc5 74. Ng2 Ba3 75. Ne1 Kd7 76. Nf3 Bc1 77. Nd4 Ke7 78. Ne2 Bb2 79. Ng5 Kd7 80. Ng1 Bc1 81. N1h3 Ke7 82. Nh7 Bb2 83. Nf6 Bc1 84. Nh5 Bb2 85. Nf6 Bc1 86. Ng4 Bb2 87. Ngf2 Bc3 88. Nd3 Ba5 89. Kf3 Bb6 90. Kg4 Be3 91. Kh5 Nf8 92. Kxh4 Nd7 93. Kh5 Nb6 94. Kg4 Nd5 95. Kf3 Bb6 96. Ng5 Bd4 97. Ke4 Bc3 98. Nf3 Ba5 99. Nd4 Nc3+ 100. Kf3 Bb6 101. Nc6+ Kd7 102. Ncb4 Nb5 103. Nb2 Bc5 104. N4d3 Bd4 105. Nc4 Ba7 106. Nb4 Bg1 107. Ne3 Nd4+ 108. Ke4 Ne2 109. Nd3 Kc6 110. Ne1 Kc5 111. Nf3 Nc3+ 112. Kd3 Bxe3 113. Kxe3 Nd5+ 1/2-1/2

[Event "2BLO 2223 SC Bavaria Regensburg 1881 - "]
[Site "?"]
[Date "2023.02.25"]
[Round "7.5"]
[White "Haufe, Laurin"]
[Black "Kilgus, Georg"]
[Result "1/2-1/2"]
[WhiteElo "2111"]
[BlackElo "2411"]
[PlyCount "81"]
[EventDate "2023.??.??"]

1. e4 c5 2. Nf3 Nc6 3. d4 cxd4 4. Nxd4 Nf6 5. Nc3 d6 6. Bg5 Bd7 7. Qd2 Rc8 8. f4 Nxd4 9. Qxd4 Qa5 10. a3 h6 11. Bxf6 gxf6 12. Bd3 Qc5 13. Qxc5 Rxc5 14. Nd5 Bg7 15. f5 e6 16. b4 Rc8 17. Nf4 Rg8 18. g4 Ke7 19. c4 a6 20. a4 a5 21. b5 Rc5 22. Ke2 b6 23. h3 Bc8 24. Rae1 Bb7 25. Kd2 Rgc8 26. Nh5 Bh8 27. Re3 Re5 28. Nf4 Rg8 29. Rf1 Rc5 30. Nh5 Re5 31. Re2 Rc5 32. Rf4 Re5 33. Ref2 Rf8 34. Kc3 Rc5 35. Kd2 Re5 36. Rf1 Rc5 37. R4f2 Re5 38. Re2 Rg8 39. Re3 Rc5 40. Re2 Re5 41. Re3 1/2-1/2

[Event "2BLO 2223 SC Bavaria Regensburg 1881 - "]
[Site "?"]
[Date "2023.02.25"]
[Round "7.6"]
[White "Goldbeck, Lars"]
[Black "Rausch, Stephan"]
[Result "0-1"]
[WhiteElo "2287"]
[BlackElo "2245"]
[PlyCount "112"]
[EventDate "2023.??.??"]

1. Nf3 d5 2. e3 c6 3. c4 Nf6 4. Nc3 e6 5. d4 Nbd7 6. Be2 Bd6 7. O-O O-O 8. Qc2 h6 9. b3 Qe7 10. Bb2 Ba3 11. Rfe1 Bxb2 12. Qxb2 Ne4 13. Nxe4 dxe4 14. Nd2 f5 15. c5 e5 16. Nc4 exd4 17. exd4 Nf6 18. Nd6 Ne8 19. Bc4+ Kh7 20. Nxe8 Rxe8 21. f3 e3 22. b4 f4 23. d5 cxd5 24. Bxd5 Bf5 25. Qd4 Rad8 26. Qc4 Qg5 27. Rad1 Re7 28. b5 Bg6 29. c6 bxc6 30. bxc6 Qe5 31. Qd4 Qc7 32. Qc4 Kh8 33. h3 Rf8 34. Kh1 Bf5 35. Rd4 Bc8 36. Be4 Qa5 37. Qb4 Qg5 38. Re2 Qh4 39. Qd6 Bxh3 40. Kg1 Be6 41. c7 Qf6 42. Rc2 e2 43. Rxe2 Rxc7 44. Qxc7 Qxd4+ 45. Kh2 Qf6 46. Qxa7 Bc4 47. Rf2 Rd8 48. Qa4 Bg8 49. Bc2 Rd5 50. Bb3 Rh5+ 51. Kg1 Qh4 52. Kf1 Qh1+ 53. Ke2 Re5+ 54. Kd3 Qc1 55. Re2 Bh7+ 56. Kd4 Qc5# 0-1

[Event "2BLO 2223 SC Bavaria Regensburg 1881 - "]
[Site "?"]
[Date "2023.02.25"]
[Round "7.7"]
[White "Hoffmann, Hendrik"]
[Black "Oberhofer, Cedric"]
[Result "1/2-1/2"]
[WhiteElo "2253"]
[BlackElo "2235"]
[PlyCount "33"]
[EventDate "2023.??.??"]

1. e4 e5 2. Nf3 Nc6 3. Nc3 Nf6 4. d4 exd4 5. Nxd4 Bb4 6. Nxc6 bxc6 7. Bd3 d5 8. exd5 O-O 9. O-O Bg4 10. f3 Bh5 11. Bg5 Qd6 12. Kh1 Bxc3 13. bxc3 cxd5 14. c4 dxc4 15. Bxc4 Qc5 16. Bxf6 Qxc4 17. Qd4 1/2-1/2

[Event "2BLO 2223 SC Bavaria Regensburg 1881 - "]
[Site "?"]
[Date "2023.02.25"]
[Round "7.8"]
[White "Kleibel, Uwe"]
[Black "Liedtke, Matthias"]
[Result "1-0"]
[WhiteElo "2219"]
[BlackElo "2252"]
[PlyCount "57"]
[EventDate "2023.??.??"]

1. d4 Nf6 2. Nf3 g6 3. Bg5 Bg7 4. Nbd2 d5 5. c3 O-O 6. e3 b6 7. Be2 c5 8. h3 Nc6 9. O-O Be6 10. Bf4 h6 11. Qa4 Bd7 12. Qa3 cxd4 13. cxd4 Ne4 14. Nxe4 dxe4 15. Nd2 f5 16. Rfd1 Qe8 17. Rac1 Kh7 18. b4 e5 19. dxe5 Nxe5 20. Rc7 Rf7 21. Rdc1 Be6 22. Nb3 Rd7 23. Bb5 Rxc7 24. Bxe8 Rxc1+ 25. Qxc1 Rxe8 26. Qc7 Nd3 27. Bd6 Rc8 28. Qb7 Rd8 29. Qe7 1-0

[Event "2BLO 2223 SK Passau - Nickelhütte Aue"]
[Site "?"]
[Date "2023.02.25"]
[Round "7.1"]
[White "Antal, Gergely"]
[Black "Diermair, Andreas"]
[Result "1-0"]
[WhiteElo "2560"]
[BlackElo "2457"]
[PlyCount "59"]
[EventDate "2023.??.??"]

1. e4 e6 2. d4 d5 3. Nd2 c5 4. exd5 exd5 5. Ngf3 Nf6 6. Bb5+ Bd7 7. Bxd7+ Qxd7 8. O-O cxd4 9. Nxd4 Nc6 10. N2f3 Be7 11. Nxc6 bxc6 12. c4 O-O 13. Bg5 h6 14. Bh4 Rfe8 15. Rc1 Qb7 16. b3 a5 17. cxd5 Nxd5 18. Bxe7 Rxe7 19. Nd4 Rd7 20. Qf3 g6 21. Nxc6 Nb4 22. Rc4 Nxa2 23. Re1 Kg7 24. h4 h5 25. Ra1 Rd2 26. Qe3 Qd7 27. Nd4 Rb2 28. Qe5+ Kg8 29. Nf5 Qxf5 30. Qxb2 1-0

[Event "2BLO 2223 SK Passau - Nickelhütte Aue"]
[Site "?"]
[Date "2023.02.25"]
[Round "7.2"]
[White "Schwabeneder, Florian"]
[Black "Gonda, Laszlo"]
[Result "1-0"]
[WhiteElo "2399"]
[BlackElo "2498"]
[PlyCount "163"]
[EventDate "2023.??.??"]

1. e4 e5 2. Nf3 Nc6 3. Bb5 Nf6 4. d3 d6 5. c3 a6 6. Ba4 g6 7. Nbd2 Bg7 8. O-O O-O 9. Re1 Nd7 10. Nf1 Nc5 11. Bc2 Ne6 12. Ng3 Qf6 13. Ne2 Kh8 14. b4 Qd8 15. Rb1 d5 16. a4 dxe4 17. dxe4 Qe7 18. Bb3 a5 19. Ba3 Rd8 20. Qc1 Bf8 21. b5 Qxa3 22. Qxa3 Bxa3 23. bxc6 bxc6 24. Nxe5 Kg7 25. Nxc6 Rd2 26. Bd5 Ra6 27. Ned4 Nxd4 28. cxd4 Bb2 29. Red1 Rxd1+ 30. Rxd1 Bd7 31. Ne5 Bxa4 32. Rd2 Bc3 33. Rd3 Rb6 34. h4 Rb1+ 35. Kh2 Rc1 36. Nxf7 Bb5 37. Rf3 Bxd4 38. Ng5 Be5+ 39. g3 Be8 40. Ne6+ Kh6 41. Rf8 Bc6 42. Rf7 Bxd5 43. exd5 Kh5 44. Kh3 Rh1+ 45. Kg2 Rd1 46. Rxh7+ Kg4 47. f3+ Kf5 48. Rf7+ Bf6 49. g4+ Ke5 50. f4+ Ke4 51. Rxf6 Rd2+ 52. Kg3 Rd3+ 53. Kf2 Rd2+ 54. Ke1 Rxd5 55. Rxg6 a4 56. Rg5 Rd6 57. Nc5+ Kxf4 58. Rg8 a3 59. g5 Rc6 60. Nb3 Rb6 61. Nc1 Kf5 62. Ra8 Rb4 63. Rh8 Rb1 64. Kd2 a2 65. Nxa2 Rb2+ 66. Ke3 Rxa2 67. Rf8+ Kg6 68. Rf6+ Kg7 69. h5 Ra3+ 70. Kf4 Ra4+ 71. Kf5 Ra5+ 72. Kg4 Ra4+ 73. Rf4 Ra6 74. Rc4 c6 75. Rc5 Ra1 76. Re5 Rg1+ 77. Kf3 Rf1+ 78. Kg2 Rf7 79. Kg3 Rf1 80. Re7+ Kg8 81. Kg4 c5 82. Rc7 1-0

[Event "2BLO 2223 SK Passau - Nickelhütte Aue"]
[Site "?"]
[Date "2023.02.25"]
[Round "7.4"]
[White "Schreiner, Peter"]
[Black "Slobodjan, Roman"]
[Result "1/2-1/2"]
[WhiteElo "2401"]
[BlackElo "2448"]
[PlyCount "80"]
[EventDate "2023.??.??"]

1. d4 d5 2. c4 e6 3. Nf3 Nd7 4. e3 c6 5. b3 f5 6. Bd3 Qf6 7. Qc2 Nh6 8. O-O Bd6 9. Ba3 Bb8 10. Nc3 Kf7 11. Rae1 Nb6 12. Re2 Bd7 13. Rfe1 Kg8 14. Bc5 Nf7 15. a4 Nc8 16. a5 Ncd6 17. Ne5 Be8 18. cxd5 exd5 19. f4 Ne4 20. Ba3 a6 21. Na4 Bc7 22. b4 Nfd6 23. Bb2 Bh5 24. Nf3 Re8 25. Rf1 Qh6 26. Ree1 Bxf3 27. gxf3 Qg6+ 28. Kh1 Nf6 29. Rg1 Qh5 30. Qf2 g6 31. Nc5 Kf7 32. Bc1 Re7 33. Bc2 Rhe8 34. Bb3 Kf8 35. Nd3 Nf7 36. Ne5 Qh6 37. Rg3 Nh5 38. Rg2 Nd6 39. Reg1 Rg7 40. Bd2 Bd8 1/2-1/2

[Event "2BLO 2223 SK Passau - Nickelhütte Aue"]
[Site "?"]
[Date "2023.02.25"]
[Round "7.5"]
[White "Eichner, Sebastian"]
[Black "Weiss, Christian"]
[Result "1/2-1/2"]
[WhiteElo "2316"]
[BlackElo "2382"]
[PlyCount "27"]
[EventDate "2023.??.??"]

1. d4 Nf6 2. c4 c5 3. d5 e6 4. Nc3 exd5 5. cxd5 d6 6. Nf3 g6 7. e4 Bg7 8. h3 O-O 9. Bd3 a6 10. a4 Nbd7 11. O-O Ne8 12. Bg5 f6 13. Be3 b6 14. Nd2 1/2-1/2

[Event "2BLO 2223 SK Passau - Nickelhütte Aue"]
[Site "?"]
[Date "2023.02.25"]
[Round "7.6"]
[White "Testor, Sebastian"]
[Black "Langrock, Hannes"]
[Result "0-1"]
[WhiteElo "2341"]
[BlackElo "2357"]
[PlyCount "80"]
[EventDate "2023.??.??"]

1. d4 Nf6 2. Nf3 d5 3. c4 e6 4. e3 a6 5. b3 Nbd7 6. Bd3 b6 7. O-O Bb7 8. Bb2 Bd6 9. cxd5 exd5 10. Ne5 O-O 11. Nd2 Ne4 12. Rc1 Qe7 13. Nxd7 Qxd7 14. Rc2 Nxd2 15. Qxd2 a5 16. a4 Ba6 17. Bxa6 Rxa6 18. Ra1 Re8 19. Ba3 Bxa3 20. Rxa3 Re6 21. Ra1 Ra8 22. Rac1 c6 23. Qd3 Rg6 24. e4 dxe4 25. Qxe4 Re8 26. Qf3 Rf6 27. Qd3 Qd5 28. Re2 Rxe2 29. Qxe2 h5 30. Qe8+ Kh7 31. Qe5 Qxb3 32. Qxh5+ Kg8 33. Qg4 g6 34. Re1 Re6 35. Qd1 Qxa4 36. Qc1 Rxe1+ 37. Qxe1 Qxd4 38. h4 Kg7 39. h5 gxh5 40. Qc1 Qf6 0-1

[Event "2BLO 2223 SK Passau - Nickelhütte Aue"]
[Site "?"]
[Date "2023.02.25"]
[Round "7.7"]
[White "Spiess, Gunter"]
[Black "Wisnet, Dominic"]
[Result "1-0"]
[WhiteElo "2362"]
[BlackElo "2302"]
[PlyCount "79"]
[EventDate "2023.??.??"]

1. d4 Nf6 2. c4 e6 3. Nf3 c5 4. d5 exd5 5. cxd5 d6 6. Nc3 g6 7. h3 Bg7 8. e4 O-O 9. Be3 Na6 10. Bd3 Nc7 11. a4 a6 12. Nd2 Nd7 13. O-O Re8 14. Nc4 Ne5 15. Nxe5 Bxe5 16. Qd2 Rb8 17. a5 Bd7 18. Bg5 Bf6 19. Bf4 Bb5 20. Rab1 b6 21. axb6 Rxb6 22. Rfe1 Bxd3 23. Qxd3 Rb4 24. Qg3 Nb5 25. Nxb5 axb5 26. Bxd6 Rbxe4 27. Rxe4 Rxe4 28. Bxc5 Re5 29. Rd1 h5 30. Qd3 Qe8 31. Bb4 Re4 32. Bc3 Bxc3 33. Qxc3 b4 34. Qd2 Qd7 35. d6 b3 36. Qd5 Rb4 37. Re1 Rb5 38. Qc4 Rf5 39. Qc7 Qb5 40. d7 1-0

[Event "2BLO 2223 SK Passau - Nickelhütte Aue"]
[Site "?"]
[Date "2023.02.25"]
[Round "7.8"]
[White "Hiermann, Dietmar"]
[Black "Wichmann, Cliff"]
[Result "1/2-1/2"]
[WhiteElo "2181"]
[BlackElo "2307"]
[PlyCount "31"]
[EventDate "2023.??.??"]

1. e4 e6 2. d4 d5 3. Nd2 Nf6 4. e5 Nfd7 5. Bd3 c5 6. c3 Nc6 7. Ne2 cxd4 8. cxd4 f6 9. exf6 Nxf6 10. Nf3 Bd6 11. O-O Qc7 12. Ng3 O-O 13. Bd2 Bd7 14. Re1 Qb6 15. Bc3 g6 16. Re2 1/2-1/2

[Event "2BLO 2223 Erfurter SK - SC Garching"]
[Site "?"]
[Date "2023.02.25"]
[Round "7.1"]
[White "Vykouk, Jan"]
[Black "Romanov, Evgeny"]
[Result "1-0"]
[WhiteElo "2467"]
[BlackElo "2601"]
[PlyCount "65"]
[EventDate "2023.??.??"]

1. e4 e6 2. d4 d5 3. e5 c5 4. c3 Nc6 5. Nf3 Bd7 6. Be2 Nge7 7. Na3 cxd4 8. cxd4 Ng6 9. h4 Bxa3 10. bxa3 h6 11. Rb1 Na5 12. h5 Ne7 13. Bd3 Qc7 14. O-O Nc4 15. Nd2 O-O-O 16. Qf3 Nf5 17. Nb3 g6 18. g4 Ne7 19. Qxf7 Nc6 20. hxg6 Rhf8 21. Qg7 N6xe5 22. dxe5 Nxe5 23. Be2 Rg8 24. Qh7 Qc2 25. Rb2 Qc3 26. g7 Bc6 27. Rc2 Nf3+ 28. Bxf3 Qxf3 29. Qg6 d4 30. Qxe6+ Kb8 31. Rxc6 bxc6 32. Nxd4 Rxd4 33. Qe5+ 1-0

[Event "2BLO 2223 Erfurter SK - SC Garching"]
[Site "?"]
[Date "2023.02.25"]
[Round "7.2"]
[White "Votava, Jan"]
[Black "Koepke, Christian"]
[Result "1/2-1/2"]
[WhiteElo "2479"]
[BlackElo "2301"]
[PlyCount "123"]
[EventDate "2023.??.??"]

1. d4 d5 2. c4 e6 3. Nf3 a6 4. cxd5 exd5 5. Bf4 Bd6 6. Bg3 Ne7 7. e3 Nf5 8. Bd3 Nxg3 9. hxg3 Nd7 10. Nc3 Nf6 11. Qc2 g6 12. O-O-O Kf8 13. e4 dxe4 14. Nxe4 Nxe4 15. Bxe4 Kg7 16. Qc3 Qf6 17. Ne5 Be6 18. Bxb7 Rab8 19. Be4 c5 20. Nc6 cxd4 21. Qxd4 Qxd4 22. Rxd4 Bc5 23. Rd2 Rbe8 24. Bf3 Bb6 25. Kb1 Rc8 26. Ka1 Rc7 27. Nd4 Bxd4 28. Rxd4 Rc2 29. Ra4 Rb8 30. b3 Rb6 31. Rf1 Rd6 32. g4 g5 33. Kb1 Rcd2 34. Kc1 Bd7 35. Rxa6 Rxa6 36. Kxd2 Rxa2+ 37. Kc3 Bb5 38. Rd1 Rxf2 39. Rd5 Bf1 40. Rxg5+ Kf8 41. Be4 Bxg2 42. Bxh7 Rf4 43. Rg8+ Ke7 44. Bf5 Bd5 45. Rb8 Rf3+ 46. Kb2 Rg3 47. Ka3 Kd6 48. Ka4 Kc7 49. Rb4 Bc6+ 50. Ka3 Bd5 51. Rb5 Kc6 52. Bd7+ Kd6 53. Bc8 Kc6 54. Rb4 Kc7 55. Ba6 Be6 56. Be2 Rg2 57. Bd1 Rd2 58. Bf3 Rd3 59. Be4 Rg3 60. Bf5 Bd5 61. Rd4 Bxb3 62. Kb4 1/2-1/2

[Event "2BLO 2223 Erfurter SK - SC Garching"]
[Site "?"]
[Date "2023.02.25"]
[Round "7.3"]
[White "Rusche, Johannes"]
[Black "Haba, Petr"]
[Result "0-1"]
[WhiteElo "2331"]
[BlackElo "2441"]
[PlyCount "88"]
[EventDate "2023.??.??"]

1. e4 c5 2. c3 d5 3. exd5 Qxd5 4. d4 e6 5. Nf3 Nf6 6. Na3 a6 7. Nc4 Nbd7 8. a4 b6 9. Be2 Bb7 10. O-O Be7 11. dxc5 Qxc5 12. Qd4 O-O 13. Qxc5 Bxc5 14. Nfd2 Rfc8 15. Nb3 Bf8 16. Bf4 Bd5 17. Nbd2 Ne8 18. Rfd1 b5 19. Ne3 Bc6 20. Nf3 Bc5 21. b4 Bb6 22. c4 Bxe3 23. Bxe3 bxc4 24. Bxc4 Bxf3 25. gxf3 Rxc4 26. Rxd7 Rxb4 27. Rad1 Rbb8 28. Bg5 h6 29. Be7 Rc8 30. Bd8 Kh7 31. R1d4 h5 32. Kg2 Kg6 33. a5 Rc1 34. Rb7 Rac8 35. Rdd7 R1c6 36. Bb6 f6 37. Ra7 Kf5 38. Rxa6 Nc7 39. Ra7 Nd5 40. Be3 Rc2 41. Kg3 h4+ 42. Kxh4 Nxe3 43. fxe3 Rxh2+ 44. Kg3 Rcc2 0-1

[Event "2BLO 2223 Erfurter SK - SC Garching"]
[Site "?"]
[Date "2023.02.25"]
[Round "7.4"]
[White "Weishaeutel, Moritz"]
[Black "Renner, Christoph"]
[Result "1-0"]
[WhiteElo "2427"]
[BlackElo "2303"]
[PlyCount "79"]
[EventDate "2023.??.??"]

1. d4 d5 2. c4 e6 3. Nc3 Be7 4. cxd5 exd5 5. Bf4 Nf6 6. e3 O-O 7. Bd3 c5 8. Nge2 Nc6 9. dxc5 Bxc5 10. O-O Be6 11. Bg5 h6 12. Bh4 Qe7 13. Rc1 Rad8 14. Bb1 g5 15. Bg3 Ne4 16. Nxe4 dxe4 17. Qc2 Bb6 18. Qxe4 f5 19. Qc2 Nb4 20. Qa4 Rd2 21. Nd4 Rxd4 22. exd4 f4 23. a3 Nc6 24. Rce1 Nxd4 25. Ba2 fxg3 26. hxg3 Qf7 27. Bxe6 Nxe6 28. Re2 Nd4 29. Rd2 Qf6 30. Qd7 Nf5 31. Qd3 Qf7 32. Rfd1 Ng7 33. Qe2 Kh8 34. Kh2 Qf6 35. Rd7 Bxf2 36. R1d3 Qg6 37. Rd8 Ne8 38. R3d6 Qf7 39. Qe5+ Kg8 40. Rxh6 1-0

[Event "2BLO 2223 Erfurter SK - SC Garching"]
[Site "?"]
[Date "2023.02.25"]
[Round "7.5"]
[White "Bredl, Harald"]
[Black "Enders, Peter"]
[Result "1/2-1/2"]
[WhiteElo "2301"]
[BlackElo "2412"]
[PlyCount "39"]
[EventDate "2023.??.??"]

1. d4 Nf6 2. Nf3 g6 3. Nbd2 Bg7 4. e4 O-O 5. Bd3 d6 6. O-O Nc6 7. Re1 e5 8. dxe5 Nxe5 9. Nxe5 dxe5 10. a4 Bg4 11. f3 Be6 12. Nc4 Nh5 13. g3 Qe7 14. Qe2 Bf6 15. b3 Rfd8 16. Ba3 Qe8 17. Qf2 b6 18. Rad1 Ng7 19. Ne3 Be7 20. Bb5 1/2-1/2

[Event "2BLO 2223 Erfurter SK - SC Garching"]
[Site "?"]
[Date "2023.02.25"]
[Round "7.6"]
[White "Mueller, Matthias"]
[Black "Koepke, Elena"]
[Result "1/2-1/2"]
[WhiteElo "2382"]
[BlackElo "2246"]
[PlyCount "92"]
[EventDate "2023.??.??"]

1. e4 e5 2. Nf3 Nf6 3. d4 Nxe4 4. Bd3 d5 5. Nxe5 Nd7 6. Nxd7 Bxd7 7. O-O Bd6 8. c4 c6 9. cxd5 cxd5 10. Nc3 Nxc3 11. bxc3 O-O 12. Qh5 g6 13. Qxd5 Qc7 14. g3 Be6 15. Qf3 Qxc3 16. Bh6 Rfd8 17. Qf6 Bf8 18. Bxf8 Kxf8 19. Be4 Qxd4 20. Qxd4 Rxd4 21. Bxb7 Rb8 22. Rfb1 a5 23. a3 Bf5 24. Rb5 Bd3 25. Rd5 Rxd5 26. Bxd5 Rb5 27. Bf3 Ke7 28. Kg2 Rb1 29. Rxb1 Bxb1 30. Kf1 Kd6 31. Ke1 Kc5 32. Be2 Kd4 33. Kd2 g5 34. Bb5 Be4 35. Ba6 h6 36. Bb5 f6 37. Ba6 Bc6 38. Be2 Bd5 39. Bd3 Bc6 40. Be2 Bd5 41. Bd3 Bc6 42. Be2 f5 43. Ba6 f4 44. Be2 fxg3 45. fxg3 Be4 46. h4 Bd5 1/2-1/2

[Event "2BLO 2223 Erfurter SK - SC Garching"]
[Site "?"]
[Date "2023.02.25"]
[Round "7.7"]
[White "Schmitz, Thorsten"]
[Black "Voekler, Bernd"]
[Result "1-0"]
[WhiteElo "2258"]
[BlackElo "2337"]
[PlyCount "63"]
[EventDate "2023.??.??"]

1. e4 c5 2. Nf3 d6 3. d4 cxd4 4. Nxd4 Nf6 5. Nc3 a6 6. Qd3 Bd7 7. Be2 Nc6 8. Nxc6 Bxc6 9. a4 e6 10. O-O Be7 11. Qg3 Nxe4 12. Nxe4 Bxe4 13. Qxg7 Bf6 14. Qg3 Qe7 15. c3 O-O-O 16. Qe3 Bc6 17. b4 Rhg8 18. g3 d5 19. Qa7 Bxc3 20. b5 Bxa1 21. bxc6 Qc7 22. cxb7+ Kd7 23. Bxa6 e5 24. Bb5+ Ke6 25. Be3 Bc3 26. Rc1 d4 27. b8=Q Qxb8 28. Bc4+ Kd6 29. Qxf7 Rge8 30. Bg5 Kc5 31. Bb5 Kb6 32. Bxe8 1-0

[Event "2BLO 2223 SC NT Nürnberg - SK Gögginge"]
[Site "?"]
[Date "2023.02.25"]
[Round "7.1"]
[White "Postny, Evgeny"]
[Black "Milov, Leonid"]
[Result "1-0"]
[WhiteElo "2551"]
[BlackElo "2423"]
[PlyCount "133"]
[EventDate "2023.??.??"]

1. d4 d5 2. c4 dxc4 3. Nf3 a6 4. e3 b5 5. a4 Bb7 6. b3 e6 7. bxc4 bxc4 8. Bxc4 c5 9. O-O Nf6 10. Nbd2 cxd4 11. Nxd4 Nc6 12. Rb1 Na5 13. Be2 Be7 14. Nc4 Be4 15. Nxa5 Qxa5 16. Bf3 Qd5 17. Bxe4 Qxe4 18. Bd2 O-O 19. Qe2 Bc5 20. Bb4 Bxb4 21. Rxb4 Rfc8 22. Qb2 Qd5 23. Nf3 h6 24. h3 Rc4 25. Rb8+ Rc8 26. Rb7 Ne4 27. Ne5 Nd6 28. Rd7 Nc4 29. Rxd5 Nxb2 30. Rd7 Nxa4 31. Rxf7 Nc5 32. Rf4 a5 33. Ra1 a4 34. Rc4 Rc7 35. Nd3 Rac8 36. Nxc5 Rxc5 37. Rcxa4 Rc1+ 38. Kh2 Rxa1 39. Rxa1 Kf7 40. Ra5 Kf6 41. h4 Rc4 42. h5 Rh4+ 43. Kg3 Rb4 44. f3 Rb3 45. Kf4 Rb4+ 46. e4 Rc4 47. Kg3 Rc2 48. Ra7 Re2 49. Kf4 e5+ 50. Kg3 Rb2 51. Ra8 Rc2 52. Kh3 Rb2 53. Ra6+ Kf7 54. g3 Rf2 55. Kg4 Rf1 56. f4 exf4 57. gxf4 Rh1 58. e5 Rh2 59. Ra7+ Ke6 60. Kg3 Rh1 61. Kg2 Rb1 62. Rxg7 Kf5 63. Rf7+ Kg4 64. Kf2 Rb2+ 65. Ke3 Rb1 66. f5 Kxh5 67. Rg7 1-0

[Event "2BLO 2223 SC NT Nürnberg - SK Gögginge"]
[Site "?"]
[Date "2023.02.25"]
[Round "7.2"]
[White "Yelisieiev, Yevhenii"]
[Black "Braeuer, Franz"]
[Result "0-1"]
[WhiteElo "2408"]
[BlackElo "2446"]
[PlyCount "80"]
[EventDate "2023.??.??"]

1. d4 Nf6 2. c4 e6 3. Nc3 Bb4 4. Qc2 d5 5. a3 Bxc3+ 6. Qxc3 Ne4 7. Qc2 c5 8. dxc5 Nc6 9. Nf3 Qa5+ 10. Bd2 Qxc5 11. e3 Nxd2 12. Qxd2 dxc4 13. Qc3 Qa5 14. Bxc4 Qxc3+ 15. bxc3 Bd7 16. O-O-O Ke7 17. Kb2 Rhc8 18. Bb5 Rc7 19. Bxc6 Bxc6 20. Nd4 Bxg2 21. Rhg1 Be4 22. Nb5 Rc5 23. c4 g6 24. Kb3 Bc6 25. Nd4 Bd7 26. Nf3 Rac8 27. Rg4 e5 28. Rh4 Be6 29. Nd2 b5 30. Rxh7 bxc4+ 31. Kc3 Ra5 32. Ra1 Rd8 33. a4 Rad5 34. Ne4 Rd3+ 35. Kc2 Bf5 36. Ng3 Rd2+ 37. Kc3 R8d3+ 38. Kb4 Rb3+ 39. Ka5 Rd5+ 40. Ka6 Bc8+ 0-1

[Event "2BLO 2223 SC NT Nürnberg - SK Gögginge"]
[Site "?"]
[Date "2023.02.25"]
[Round "7.3"]
[White "Nestorovic, Nikola"]
[Black "Kirchner, Thomas"]
[Result "1-0"]
[WhiteElo "2481"]
[BlackElo "2320"]
[PlyCount "55"]
[EventDate "2023.??.??"]

1. e4 e5 2. Nf3 Nc6 3. Bc4 Bc5 4. d4 exd4 5. c3 d3 6. b4 Bb6 7. a4 a6 8. O-O d6 9. Bg5 Nf6 10. Bxd3 h6 11. Bh4 Bg4 12. Nbd2 Ne5 13. Be2 Ng6 14. Bg3 Nh5 15. Nc4 Nxg3 16. hxg3 Ba7 17. Ra2 h5 18. Nd4 Qg5 19. Ne3 Bxe2 20. Qxe2 c6 21. Ndf5 Qf6 22. Rd2 Rd8 23. Rfd1 O-O 24. c4 h4 25. Rxd6 Rxd6 26. Rxd6 Qa1+ 27. Rd1 Qxa4 28. Qb2 1-0

[Event "2BLO 2223 SC NT Nürnberg - SK Gögginge"]
[Site "?"]
[Date "2023.02.25"]
[Round "7.4"]
[White "Mischustov, Michael"]
[Black "Rozentalis, Eduardas"]
[Result "1/2-1/2"]
[WhiteElo "2313"]
[BlackElo "2506"]
[PlyCount "82"]
[EventDate "2023.??.??"]

1. e4 c6 2. Nc3 d5 3. Nf3 Bg4 4. h3 Bxf3 5. Qxf3 e6 6. Be2 Nd7 7. d4 Bb4 8. O-O Ne7 9. Bd3 O-O 10. Ne2 dxe4 11. Bxe4 Nf6 12. c3 Nxe4 13. Qxe4 Bd6 14. Bf4 a5 15. Rfd1 Bxf4 16. Nxf4 a4 17. Rd2 Qa5 18. a3 Nf5 19. Qe5 Rfd8 20. Rad1 Nd6 21. Nh5 Ne8 22. Nf4 Qc7 23. g3 Rd7 24. Qe2 Nd6 25. Nd3 Nf5 26. Ne5 Rd6 27. Nc4 Rd5 28. Rd3 Rad8 29. Ne3 Nxe3 30. Rxe3 h6 31. Re1 c5 32. dxc5 Qxc5 33. Re5 Rxe5 34. Qxe5 Qc6 35. Qe4 Rd5 36. h4 h5 37. Qe2 Qd7 38. Qf3 g6 39. Kg2 b5 40. Re4 Rf5 41. Rd4 Rd5 1/2-1/2

[Event "2BLO 2223 SC NT Nürnberg - SK Gögginge"]
[Site "?"]
[Date "2023.02.25"]
[Round "7.5"]
[White "Arnaudov, G. Petar"]
[Black "Kabatianski, Alexander"]
[Result "1/2-1/2"]
[WhiteElo "2450"]
[BlackElo "2357"]
[PlyCount "126"]
[EventDate "2023.??.??"]

1. Nf3 c5 2. c4 Nf6 3. Nc3 e6 4. d4 cxd4 5. Nxd4 Bb4 6. g3 Ne4 7. Qd3 Bxc3+ 8. bxc3 Nc5 9. Qe3 b6 10. Bg2 Bb7 11. Bxb7 Nxb7 12. Ba3 Nc6 13. Nb5 a6 14. Nd6+ Nxd6 15. Bxd6 Na5 16. c5 bxc5 17. Bxc5 d6 18. Rd1 Nb7 19. Bb4 Qc7 20. O-O O-O 21. Rd3 Rfc8 22. Qd2 Rd8 23. e4 a5 24. Ba3 Ra6 25. Rd1 Rc6 26. Kg2 h6 27. Qe3 Rc8 28. Qa7 Qb6 29. Qxb6 Rxb6 30. Bxd6 Nxd6 31. Rxd6 Rxd6 32. Rxd6 Rxc3 33. Rd2 g5 34. g4 Kf8 35. f3 Ke7 36. Kg3 Kf6 37. Rb2 Ra3 38. Re2 Ke5 39. Rd2 a4 40. h3 f6 41. Rb2 Kd4 42. Rb6 Rxa2 43. Rxe6 a3 44. Rxf6 Ra1 45. Ra6 Kc4 46. e5 Kb4 47. e6 Re1 48. Kf2 Re5 49. f4 gxf4 50. Kf3 Kb3 51. Kxf4 Re1 52. Kf5 a2 53. Kf6 a1=Q+ 54. Rxa1 Rxa1 55. e7 Re1 56. Kf7 Rf1+ 57. Kg6 Re1 58. Kxh6 Re6+ 59. Kh5 Rxe7 60. g5 Re4 61. g6 Re3 62. Kg5 Rxh3 63. g7 Rg3+ 1/2-1/2

[Event "2BLO 2223 SC NT Nürnberg - SK Gögginge"]
[Site "?"]
[Date "2023.02.25"]
[Round "7.6"]
[White "Heimrath, Reiner"]
[Black "Stankovic, Milos"]
[Result "1/2-1/2"]
[WhiteElo "2169"]
[BlackElo "2445"]
[PlyCount "84"]
[EventDate "2023.??.??"]

1. e4 c5 2. Nc3 d6 3. d3 Nc6 4. Be3 g6 5. d4 cxd4 6. Bxd4 Nf6 7. Nd5 Bg7 8. Nxf6+ exf6 9. Bc3 O-O 10. Qd3 Qb6 11. Ne2 Re8 12. f3 Ne5 13. Qd4 f5 14. O-O-O fxe4 15. fxe4 Qxd4 16. Rxd4 Ng4 17. Rb4 Bh6+ 18. Bd2 Bxd2+ 19. Kxd2 Nf2 20. Rg1 Nxe4+ 21. Kc1 Nc5 22. Rd4 Be6 23. Nc3 Red8 24. Be2 Rd7 25. Rgd1 Rad8 26. Bb5 Re7 27. b4 Na6 28. Bxa6 bxa6 29. Rxd6 Rc8 30. Rd8+ Kg7 31. Rxc8 Bxc8 32. Kb2 Rb7 33. Ka3 Bf5 34. Rd2 Rc7 35. Kb2 Rb7 36. Kb3 Be6+ 37. Ka3 h5 38. Rd6 Bf5 39. Kb3 Be6+ 40. Ka3 Bf5 41. Kb3 Be6+ 42. Ka3 Bf5 1/2-1/2